Elementi di informatica musicale (Record n. 74188)
[ formato base ]
| 000 -LEADER | |
|---|---|
| fixed length control field | 01494nam a2200301Ia 4500 |
| 001 - CONTROL NUMBER | |
| control field | 34324 |
| 003 - CONTROL NUMBER IDENTIFIER | |
| control field | IT-RoPAU |
| 008 - FIXED-LENGTH DATA ELEMENTS--GENERAL INFORMATION | |
| fixed length control field | 130308s9999 xx 000 0 und d |
| 040 ## - CATALOGING SOURCE | |
| Original cataloging agency | IT-RoPAU |
| 040 ## - CATALOGING SOURCE | |
| Transcribing agency | IT-RoPAU |
| 041 ## - LANGUAGE CODE | |
| Language code of text/sound track or separate title | ITALIANO |
| 999 ## - SYSTEM CONTROL NUMBERS (KOHA) | |
| Koha Dewey Subclass [OBSOLETE] | SI |
| 100 ## - MAIN ENTRY--PERSONAL NAME | |
| Personal name | Haus Goffredo |
| 100 ## - MAIN ENTRY--PERSONAL NAME | |
| Miscellaneous information | Codice Aut. SPICS: 12245 |
| 245 ## - TITLE STATEMENT | |
| Title | Elementi di informatica musicale |
| 245 ## - TITLE STATEMENT | |
| Remainder of title | Elementi di informatica Musicale |
| 250 ## - EDITION STATEMENT | |
| Edition statement | 1a ed. |
| 260 ## - PUBLICATION, DISTRIBUTION, ETC. (IMPRINT) | |
| Place of publication, distribution, etc. | MILANO |
| 260 ## - PUBLICATION, DISTRIBUTION, ETC. (IMPRINT) | |
| Name of publisher, distributor, etc. | Jackson |
| 260 ## - PUBLICATION, DISTRIBUTION, ETC. (IMPRINT) | |
| Date of publication, distribution, etc. | 1984 [1° Ed.:1984 - Ed.Ling.Originale:1984] |
| 300 ## - PHYSICAL DESCRIPTION | |
| Extent | "234 p. (prefazione: 8; testo: 226)" |
| 500 ## - GENERAL NOTE | |
| General note | Descrizione dei Fenomeni Musicali strutture Musicali Grammatiche Formali per la Descrizione di strutture Musicali Processi Operatori e Processi Musicali Descrizione Funzionale e Misure di Complessità Algoritmi Analisi Elaborazione e sintesi di Testi Musicali Tecniche di Analisi Elaborazione e sintesi del Suono campionamento e Quantizzazione registrazione Digitale rappresentazione grafica di Fenomeni Musicali Processi Musicali e Processi Graficipartiture Auditive per Musica sintetica ingegneria del software Musicale sistemi e Dispositivi per l'elaborazione Musicale Architetture Funzionali Acquisizione Produzione Elaborazione di Dati linee di Sviluppo e prospettive Spazio Percettivo Sonoro Note Alla formalizzazione Insiemistica di Andre' Riotte |
| 650 ## - SUBJECT ADDED ENTRY--TOPICAL TERM | |
| Topical term or geographic name as entry element | GENERI MUSICALI |
| 650 ## - SUBJECT ADDED ENTRY--TOPICAL TERM | |
| Relator term | Codice materia Spics: 7010 |
| 942 ## - ADDED ENTRY ELEMENTS (KOHA) | |
| Koha item type | LIBRO |
| 957 ## - | |
| -- | 1 |
| 999 ## - SYSTEM CONTROL NUMBERS (KOHA) | |
| -- | 1 |
| Withdrawn status | Lost status | Damaged status | Not for loan | Home library | Current library | Date acquired | Total Checkouts | Full call number | Date last seen | Price effective from | Koha item type | Public note |
|---|---|---|---|---|---|---|---|---|---|---|---|---|
| Buone Condizioni | Not For Loan | SPICS-MEDIATECA | SPICS-MEDIATECA | 08/03/2013 | 34324 | 08/03/2013 | 08/03/2013 | LIBRO | Progressivo inserimento: 49220 / N. Volumi: 1 Copie: 1 Copia Rara: SI / data import: 1 marzo 2013 - By Epidotti, Trombetti, Vaglietti. |